Greek Monarchs Quiz - Statistics

General Stats
  • This quiz has been taken 37 times
  • The average score is 4 of 5
Answer Stats
# Name % Correct
? Constantine
89%
? George
86%
? Alexander
79%
? Otto
79%
? Paul
57%
No matching quizzes found
Score Distribution
Percent of People with Each Score
Percentile by Number Answered
Your Score History
You have not taken this quiz